5HLuxD.jpg

KING HENRY VIII SENIOR AND PRIMARY SCHOOL LIBRARY OPAC

Epic / (Record no. 124)

000 -LEADER
fixed length control field 01665cam a2200409 a 4500
001 - CONTROL NUMBER
control field 20348603
003 - CONTROL NUMBER IDENTIFIER
control field OSt
005 - DATE AND TIME OF LATEST TRANSACTION
control field 20190726114549.0
008 - FIXED-LENGTH DATA ELEMENTS--GENERAL INFORMATION
fixed length control field 180207s2004 ie 000 1 eng
010 ## - LIBRARY OF CONGRESS CONTROL NUMBER
LC control number 2017486360
020 ## - INTERNATIONAL STANDARD BOOK NUMBER
International Standard Book Number 0862788773 (pbk.)
020 ## - INTERNATIONAL STANDARD BOOK NUMBER
International Standard Book Number 9780862788773 (pbk.)
040 ## - CATALOGING SOURCE
Original cataloging agency UKM
Language of cataloging eng
Transcribing agency UKM
Modifying agency VP@
-- OCLCG
042 ## - AUTHENTICATION CODE
Authentication code ukscp
-- lccopycat
082 04 - DEWEY DECIMAL CLASSIFICATION NUMBER
Classification number FIC KOS
Edition number 22
100 1# - MAIN ENTRY--PERSONAL NAME
Personal name Kostick, Conor,
Dates associated with a name 1964-
Relator term author
245 10 - TITLE STATEMENT
Title Epic /
Statement of responsibility, etc. Conor Kostick.
260 ## - PUBLICATION, DISTRIBUTION, ETC.
Place of publication, distribution, etc. Dublin :
Name of publisher, distributor, etc. O'Brien Press,
Date of publication, distribution, etc. 2004.
300 ## - PHYSICAL DESCRIPTION
Extent 315 pages ;
Dimensions 20 cm
336 ## - CONTENT TYPE
Content type term text
Content type code txt
Source rdacontent
337 ## - MEDIA TYPE
Media type term unmediated
Media type code n
Source rdamedia
338 ## - CARRIER TYPE
Carrier type term volume
Carrier type code nc
Source rdacarrier
501 ## - WITH NOTE
With note From the author of SAGA and EDDA
520 ## - SUMMARY, ETC.
Summary, etc. On New Earth, Epic is not just a computer game, it's a matter of life and death. If you lose, you lose everything; if you win the world is yours for the taking. Seeking revenge for the unjust treatment of his parents, Erik subverts the rules of the game, and he and his friends are drawn into a world of power-hungry dangerous players. Suggested level: secondary.
650 #0 - SUBJECT ADDED ENTRY--TOPICAL TERM
Topical term or geographic name entry element Computer games
Form subdivision Juvenile fiction.
650 #7 - SUBJECT ADDED ENTRY--TOPICAL TERM
Topical term or geographic name entry element Computer games.
Source of heading or term fast
Authority record control number or standard number (OCoLC)fst00872108
655 #0 - INDEX TERM--GENRE/FORM
Genre/form data or focus term Young adult fiction.
655 #4 - INDEX TERM--GENRE/FORM
Genre/form data or focus term Science fiction.
655 #4 - INDEX TERM--GENRE/FORM
Genre/form data or focus term Young adult fiction.
655 #7 - INDEX TERM--GENRE/FORM
Genre/form data or focus term Fiction.
Source of term fast
Authority record control number or standard number (OCoLC)fst01423787
655 #7 - INDEX TERM--GENRE/FORM
Genre/form data or focus term Young adult works.
Source of term fast
Authority record control number or standard number (OCoLC)fst01726790
655 #7 - INDEX TERM--GENRE/FORM
Genre/form data or focus term Science fiction.
Source of term gsafd
700 ## - ADDED ENTRY--PERSONAL NAME
Personal name Sahara, Tony
Relator term Cover illustrator
906 ## - LOCAL DATA ELEMENT F, LDF (RLIN)
a 7
b cbc
c copycat
d 2
e ncip
f 20
g y-gencatlg
942 ## - ADDED ENTRY ELEMENTS (KOHA)
Source of classification or shelving scheme
Koha item type Books - Fiction
Holdings
Withdrawn status Lost status Source of classification or shelving scheme Damaged status Not for loan Collection code Permanent Location Current Location Shelving location Date acquired Full call number Barcode Date last seen Price effective from Koha item type
          Fiction KH8 Senior School Library KH8 Senior School Library Fiction 2019-07-26 FIC KOS 3KHSL000100106 2024-07-17 2019-07-26 Books - Fiction

Powered By KH8 IT Dept